Statistics for Groups of Countries (by Cedo) #17

Click here to take the quiz!

General Stats

  • This quiz has been taken 137 times
  • The average score is 18 of 23

Answer Stats

HintAnswer% Correct
Greek as official language (sovereign only)Greece
100%
Greek as official language (sovereign only)Cyprus
97%
"Saint" countries (sovereign)**Saint Kitts and Nevis
97%
"Saint" countries (sovereign)**Saint Vincent and the Grenadines
97%
FIFA World Cup WinnersBrazil
95%
"Saint" countries (sovereign)**Saint Lucia
95%
FIFA World Cup WinnersGermany
94%
FIFA World Cup WinnersFrance
92%
FIFA World Cup WinnersArgentina
91%
FIFA World Cup WinnersItaly
91%
FIFA World Cup WinnersSpain
88%
FIFA World Cup WinnersUruguay
82%
Unincorporated US territories (inhabited only)Puerto Rico
81%
FIFA World Cup WinnersEngland
77%
Unincorporated US territories (inhabited only)Guam
73%
"Saint" countries (sovereign)**San Marino
66%
Superior Prut and Lower Danube Euroregion*Romania
65%
"Saint" countries (sovereign)**São Tomé and Príncipe
63%
Superior Prut and Lower Danube Euroregion*Moldova
58%
Superior Prut and Lower Danube Euroregion*Ukraine
54%
Unincorporated US territories (inhabited only)United States Virgin Islands
49%
Unincorporated US territories (inhabited only)American Samoa
47%
Unincorporated US territories (inhabited only)Northern Mariana Islands
30%

Score Distribution

Percentile by Number Answered

Percent of People with Each Score

Your Score History

You have not taken this quiz